| 000 | 00692cam a2200253 4500 | ||
|---|---|---|---|
| 008 | 090401t1995 xxu||||| |||| 00| 0 eng d | ||
| 020 | _a0854599495 | ||
| 035 | _a(Sirsi) u1487 | ||
| 041 | _aeng | ||
| 050 | _a333.32061 | ||
| 100 | _aCoveney, Stephen R. | ||
| 245 | _aInterests in land: a practical guide to effective protection at the Land Registry. | ||
| 250 | _a2nd ed. | ||
| 260 |
_aCroydon _bTolley Publishing Company Limited _c1995 |
||
| 300 | _axxvii,286p. ; 23cm. | ||
| 350 | _a29.95 | ||
| 650 | _aINTERESTS IN LAND | ||
| 650 | _aLAND REGISTRATION | ||
| 650 | _aHM LAND REGISTRY | ||
| 690 | _aLAND | ||
| 700 | _aPain, Andrew J. | ||
| 942 | _n0 | ||
| 948 | _c04/03/1997 | ||
| 999 |
_c85678 _d85678 |
||